Gospodarze Zimowych Igrzysk Olimpijskich - Statystyki

Ogólne statystyki
  • Ten quiz został rozwiązany 315 razy
  • Średni wynik to 15 z 27
Statystyki odpowiedzi
edycja rok miasto % Poprawnych
XXII 2014 Soczi
87%
XXIV 2022 Pekin
85%
XX 2006 Turyn
80%
XXI 2010 Vancouver
80%
XIX 2002 Salt Lake City
71%
XXIII 2018 Pjongczang
69%
VI 1952 Oslo
68%
XI 1972 Sapporo
62%
XVII 1994 Lillehammer
61%
XXV 2026 Mediolan | Cortina d’Ampezzo
61%
XVIII 1998 Nagano
59%
IX 1964 Innsbruck
57%
XII 1976 Innsbruck
57%
XIV 1984 Sarajewo
56%
XV 1988 Calgary
48%
IV 1936 Garmisch-Partenkirchen
47%
- 1940 Garmisch-Partenkirchen
47%
I 1924 Chamonix
46%
III 1932 Lake Placid
40%
XIII 1980 Lake Placid
40%
XVI 1992 Albertville
39%
- 1944 Cortina d’Ampezzo
34%
VII 1956 Cortina d’Ampezzo
34%
II 1928 Sankt Moritz
34%
V 1948 Sankt Moritz
34%
X 1968 Grenoble
30%
VIII 1960 Squaw Valley
23%
Nie znaleziono quizów pasujących do podanych kryteriów
Rozkład punktacji
Procent ludzi z każdym wynikiem
Percentyl według liczby udzielonych odpowiedzi
Twoja historia wyników
Nie rozwiązałeś tego quizu